Rubber as an engineering material: Guideline for users (Record no. 40724)

MARC details
000 -LEADER
fixed length control field 00460nam a2200169Ia 4500
082 ## - DEWEY DECIMAL CLASSIFICATION NUMBER
Classification number NR:62:678.06
Item number NAG;1
100 ## - MAIN ENTRY--AUTHOR NAME
Personal name Nagdi, Khairi
245 #0 - TITLE STATEMENT
Title Rubber as an engineering material: Guideline for users
260 ## - PUBLICATION, DISTRIBUTION, ETC. (IMPRINT)
Place of publication Munich
Name of publisher Hanser
Year of publication 1993
650 ## - SUBJECT ADDED ENTRY--TOPICAL TERM
Topical Term Aging
650 ## - SUBJECT ADDED ENTRY--TOPICAL TERM
Topical Term Crude rubber
650 ## - SUBJECT ADDED ENTRY--TOPICAL TERM
Topical Term Health hazards
650 ## - SUBJECT ADDED ENTRY--TOPICAL TERM
Topical Term Rubber compounding
650 ## - SUBJECT ADDED ENTRY--TOPICAL TERM
Topical Term Thermoplastic elastomers
942 ## - ADDED ENTRY ELEMENTS (KOHA)
Koha item type Reference
Holdings
Withdrawn status Lost status Damaged status Not for loan Home library Current library Date acquired Cost, normal purchase price Full call number Accession Number Koha item type
        RRII Library RRII Library 16/12/2021 148.00 NR:62:678.06 NAG;1 21021 Books